zpět

Detail výsledku týmu

The Pub Praha 2 PO, Praha

Datum a čas kvízu

19.5 Celkem bodů Celkový počet nahraných bodů na tomto kvízu bez doplňovacích otázek.
8. Pořadí na kvízu Konečné umístění týmu na tomto kvízu.

Zaznamenané odpovědi

# Otázka Odpověď Body Výsledky
1. Ve čtvrtek byly zveřejněny výs... Václav Havel, Václav Klaus, Petr Pavel 1
2. Jeden švýcarský turista se v p... v Mostaru 0
3. Napište jména známého muže a ž... Jeff Bezos, Lauren Sánchez 0.5
4. Minulý týden byly odhaleny pod... KFC 1
5. Minulý týden jsme zažili zcela... Boca Juniors 1
6. Ve filmové sérii Muži v černém... J a K 0
7. Napište originální anglický ná... The Hangover 1
8. Seřaďte jednotlivé díly filmov... 1D 2C 3B 4A 0
9. Jak se jmenovala dcera Edwarda... A 1
10. Závěrem se podíváme blíže na H... z hadů 1